00398nam a2200145Ia 4500003000400000008004100004040001600045082001300061100001700074245008100091260003100172300001000203650001500213650002400228GCL140319s9999 xx 000 0 eng d aGCL / cGCL04a891bH P1 aHAZARD, PAUL10aLA PENSEE EUROPENNE AU XVIII SIECH DE MONTESQUIEU A LESSING / cHAZARD, PAUL a[S.N] : bFAYARD ، c1963 a464 P04aLITERATURE04aEUROPEAN LITERATURE